Normal view
MARC view
Entry Personal Name
001 - CONTROL NUMBER
- control field: 1238137
003 - CONTROL NUMBER IDENTIFIER
- control field: OSt
005 - DATE AND TIME OF LATEST TRANSACTION
- control field: 20260430150647.0
008 - FIXED-LENGTH DATA ELEMENTS
- fixed length control field: 260430|| aca||aabn | a|a d
040 ## - CATALOGING SOURCE
- Original cataloging agency: OSt
- Transcribing agency: OSt
100 ## - HEADING--PERSONAL NAME
- Personal name: Poonia Amit Kumar Au.; Reji Beena Antony Gu
670 ## - SOURCE DATA FOUND
- Source citation: Work cat.: (OSt)1850326: Poonia Amit Kumar Au.; Reji Beena Antony Gu., Integrated Water Resource Management Practices in Shekhawati Region, 2023
